Дело о зданиях упраздненного Никольского оружейного завода Пермской губернии

Доступно только в Электронных читальных залах Найти на картеНа карте
RUSMARC
00004098nmc2a22000003x 450
00127d4f176-5abd-49c1-8594-b52a99abecc4
00520210407181517.0
100##$a20190220l18681868k l0rusy0189 ca
1010#$arus
102##$aRU
2001#$aДело о зданиях упраздненного Никольского оружейного завода Пермской губернии
$j19 марта - 8 сентября 1868 г.
251##$cДело
300##$aДело
300##$aОриг. заголовок дела: Дело о зданиях упраздненного Николаевского оружейного завода Пермской губернии. 19 марта 1868 г. - 8 сентября 1868 г
801#0$aRU
$bРГИА
$c20190220
$gRCR
801#1$aRU
$bГлавНИВЦ
$c20190220
$2rusmarc
801#2$aRU
$bПБ им. Б.Н. Ельцина
$c20210407
$gRCR
$2rusmarc
850##$aРГИА
852##$aРГИА
$eФедеральное казенное учреждение "Российский государственный исторический архив" (РГИА)
$j756
937##$hРГИА
$d12299300
$aASBIBLIO_SCAN
462#0$100118b3a747-2e83-46e8-b669-f4023328804a
$12001
$aДела Департамента полиции исполнительной МВД за 1868 год
$1251
$cОпись
$1852
$j29
$l1868 г.
461#0$10013e300ed0-cd39-49af-8489-5ba5b90fa401
$12001
$aДепартамент полиции исполнительной МВД
$1251
$cФонд
$1852
$j1286
215##$a13 л.
$d36,5х26 см
371##$aДокумент не является опубликованным и широко распространяемым
105##$ay###
1222#$ad
5171#$aДело о зданиях упраздненного Николаевского оружейного завода Пермской губернии. 19 марта 1868 г. - 8 сентября 1868 г
035##$a27d4f176-5abd-49c1-8594-b52a99abecc4
856##$uhttp://readingroom.main.prlib.ru/item.aspx?id_node=n161492213&mode=full
Формат отображения